| 000 | 01161cam a22003014a 4500 | ||
|---|---|---|---|
| 001 | 13905227 | ||
| 005 | 20200421093819.0 | ||
| 008 | 050318s2005 njua b 001 0 eng | ||
| 010 | _a 2005007943 | ||
| 020 | _a0201433079 (hardcover : alk. paper) | ||
| 040 |
_aDLC _cDLC _dDLC |
||
| 042 | _apcc | ||
| 050 | 0 | 0 |
_aQA76.76.O63 _bS754 2005 |
| 082 | 0 | 0 |
_a005.4/32 _222 |
| 100 | 1 | _aStevens, W. Richard. | |
| 245 | 1 | 0 |
_aAdvanced programming in the Unix environment / _cW. Richard Stevens, Stephen A. Rago. |
| 250 | _a2nd ed. | ||
| 260 |
_aUpper Saddle River, NJ. : _bAddison-Wesley, _c2005. |
||
| 300 |
_axxviii, 927 p. : _bill. ; _c24 cm. |
||
| 504 | _aIncludes bibliographical references and index. | ||
| 630 | 0 | 0 |
_aUNIX (Computer file) _9247 |
| 650 | 0 |
_aOperating systems (Computers) _9248 |
|
| 700 | 1 |
_aRago, Stephen A. _9249 |
|
| 856 | 4 | 1 |
_3Table of contents _uhttp://www.loc.gov/catdir/toc/ecip059/2005007943.html |
| 906 |
_a7 _bcbc _corignew _d1 _eecip _f20 _gy-gencatlg |
||
| 942 |
_2ddc _cBK |
||
| 999 |
_c102 _d102 |
||